000
00198 a2200097 4500
001
43494
100
_a
Warner
245
_a
New Poems
260
_a
London
_b
Michael Joseph
_c
090
_c
27308
_d
27308
942
_a
NUST-CAE
_c
M
_c
19234
999
_c
278567
_d
278567